000 01282nam a22003497a 4500
003 CHAP
005 20220329141031.0
008 971013s1992 r 00010 d
010 _a61615
011 _a62587
035 _a66761
040 _cCHAP
090 _aFolleto 14776
100 0 0 _aNúñez Tovar, Ramón.
_981980
245 _aCiclo biológico y enemigos naturales del gusano barrenador del nogal de castilla (Junglans regia) en el Plan Puebla
260 _aMontecillo, Méx. :
_bColegio de Postgraduados,
_c1992
300 _a3 h.
500 _aAntepropuestas para presentarse ante la Organización de las Naciones Unidas para la Agricultura y la Alimentación
590 _aBATCH-UPD
_b10
_c20130110
_lUCH01
_h0032
590 _aBATCH-UPD
_b10
_c20130110
_lUCH01
_h2027
590 _aBATCH-UPD
_b10
_c20130409
_lUCH01
_h2015
590 _aBATCH-UPD
_b10
_c20130410
_lUCH01
_h1344
590 _aBATCH-UPD
_b10
_c20130914
_lUCH01
_h1047
590 _aCONVERSION
_b10
_c20130109
_lUCH01
_h1333
650 1 4 _aControl biológico de plagas.
_927587
650 1 4 _aLaspeyresia caryana.
_965029
650 1 4 _aNogal
_xPlagas.
_981564
700 0 _aHuerta de la Peña, Arturo.
_956669
901 _aBK
942 _cFOLL
949 _aFolleto 14776
_bBC
_cUACH
_d-151987
_eUACH
_i66761
_si
999 _c61615
_d61615